000 00950nam a22003137a 4500
003 CHAP
005 20220329135537.0
008 971013s1956 r 00010 d
010 _a38268
011 _a39240
035 _a43360
040 _cCHAP
082 _a549.02
_bP43
100 0 0 _aPearl, Richard M.
_986409
245 _aRocks and minerals
260 _aNew York :
_bBarnes and Noble,
_c1956
300 _a275 p.
_b: ilus.
490 _aEveruday handbook
_v; 260
590 _aBATCH-UPD
_b10
_c20130110
_lUCH01
_h0105
590 _aBATCH-UPD
_b10
_c20130110
_lUCH01
_h2317
590 _aBATCH-UPD
_b10
_c20130410
_lUCH01
_h1607
590 _aBATCH-UPD
_b10
_c20130914
_lUCH01
_h1335
590 _aCONVERSION
_b10
_c20130109
_lUCH01
_h1321
650 1 4 _aMineralogía
_xManuales.
_975944
830 0 _aEveruday handbook
_v; 260
_939001
901 _aBK
942 _cLIBRO
949 _a549.02 P43
_bBC
_cLIBRO
_d33724000445193
_eLIBRO
_h10349
_i43360
_sb
999 _c38268
_d38268